00805nam a22002537a 450000500170000001000110001702000100002803500110003803700160004904000120006508200150007710000230009224500870011524600060020226000380020827000390024630000240028550000230030965000140033265000420034694200240038899900190041295201200043120170124110211.0 a757753 c00.00 a757753 bCen Lib/Ret aDPLbEN a347.7bVAZ aVaze, V. G.938164 aPopular handbook import commercial practices law and procedures /cby V. G. Vaze  b  bPopular Prakashan c1975aBombay  bBombay a35c, Tardeo road e400034 axi, 256p.c20cm(Hb) aIncludes appendix  aLaw 9104 aLaw xPractice and procedures 938165 2ddccENh347.7mVAZ c133518d133518 00104070aLbLd2015-07-27eCen Lib/Retg0.00l0o347.7 VAZp757753r2015-07-27 00:00:00t1v0.00w2015-07-27yEN